Classifica Serie B 2017-2018 - Statistics

Statistiche generali
  • Questo quiz è stato fatto 50 volte
  • Il punteggio medio è 17 su 22
Statistiche sulle risposte
Squadra Punti Vinte Pareggiate Perse Gol fatti Gol subiti % Corretto
Palermo 71 18 17 7 59 39
96%
Frosinone 72 19 15 8 65 47
88%
Bari 65 18 13 11 59 48
85%
Brescia 48 11 15 16 41 52
85%
Empoli 85 24 13 5 88 49
85%
Parma 72 21 9 12 57 37
85%
Cittadella 66 18 12 12 61 48
81%
Perugia 60 16 12 14 67 58
81%
Pescara 48 11 15 16 50 64
81%
Salernitana 51 11 18 13 51 58
81%
Spezia 53 13 14 15 46 45
81%
Ascoli 46 11 13 18 40 60
77%
Cesena 35 11 17 14 55 61
77%
Ternana 37 7 16 19 62 77
77%
Venezia 67 17 16 9 56 42
77%
Cremonese 48 9 21 12 48 57
73%
Avellino 48 11 15 16 49 60
69%
Virtus Entella 44 10 14 18 41 54
69%
Carpi 52 12 16 14 32 46
65%
Foggia 58 16 10 16 66 68
62%
Novara 44 10 14 18 42 52
62%
Pro Vercelli 40 9 13 20 47 70
58%
Nessun quiz corrispondente trovato
Distribuzione punteggi
Percentuale di utenti per punteggio
Percentile per numero di risposta
I tuoi punteggi nel tempo
Non hai fatto questo quiz